000 01336nam a2200337 i 4500
001 185154
003 SpMaBN
005 20231128131524.0
008 160330s1998 sp | |||| | mul d
020 _a84-89958-26-2
080 _a1 Wittgenstein, Ludwig
080 _a165.731.3
245 0 0 _aWittgenstein y el Círculo de Viena
_b= Wittgenstein und der Wiener Kreis : Actas del Congreso Internacional, Toledo, 2-5 de noviembre, 1994 /
_ccoordinadores, Jesús Padilla Gálvez, Raimundo Drudis Baldrich.
246 3 1 _aWittgenstein und der Wiener Kreis
250 _a1ª ed.
260 _aCuenca :
_bServicio de Publicaciones de la Universidad de Castilla-La Mancha,
_c1998.
300 _a316 p. ;
_c25 cm.
490 1 _aEstudios ;
_v49
504 _aReferencias bibliográficas.
600 1 7 _aWittgenstein, Ludwig.
_9117183
650 0 7 _aPositivismo lógico.
_916328
700 1 _aPadilla Gálvez, Jesús.
_9159252
700 1 _aDrudis Baldrich, Raimundo.
_945680
710 2 _aUniversidad de Castilla-La Mancha.
_9144367
830 0 _aEstudios ;
_v49
_9177349
852 _aES-MaACL
_jA-13667
_9192173
_bR.150885
_cDEPO1
_dOlim: N-6667
_hDonación: Jesús Padilla Gálvez
903 _9159252
_aPadilla Gálvez, Jesús
_ednr
942 _2udc
_cMONOGRAFIA
999 _c185154
_d185154